[Event "Challenge"]
[Site "http://www.queenalice.com/game.php?id=388552"]
[Date "2008.4.16"]
[Round "-"]
[White "Tersio"]
[Black "Carla"]
[Result "1-0"]
[WhiteElo "1357"]
[BlackElo "1312"]

1. Nf3 e6 2. c4 Na6 3. d4 Nf6 4. a3 Ne4 5. Qc2 f5 6. Ne5 Qe7 7. Nd2 d6 8. Nef3
Qf7 9. Nxe4 fxe4 10. Qxe4 Bd7 11. Qxb7 Rb8 12. Qxa6 Rb6 13. Qxa7 Be7 14. Qxc7
Rc6 15. Qa7 O-O 16. Qxd7 Rxc4 17. e3 Rd8 18. Qxd8+ Bxd8 19. Bxc4 d5 20. Ne5 Qf6
21. Bd3 Qh6 22. O-O Bc7 23. e4 Qh5 24. Bf4 g5 25. Ng4 Bd8 26. h3 gxf4 27. Rac1
Bg5 28. f3 dxe4 29. Bxe4 Qe8 30. Rc7 Qh5 31. Rxh7 Qe8 32. Ne5 Bd8 33. Rc1 Bb6
34. Kh2 Bxd4 35. Bg6 Qd8 36. Nc6 Qg5 37. Ne7+ Kf8 38. Rc8# 1-0

[Event "Challenge"]
[Site "http://www.queenalice.com/game.php?id=390551"]
[Date "2008.4.20"]
[Round "-"]
[White "Carla"]
[Black "Tlaloc2k"]
[Result "0-1"]
[WhiteElo "1298"]
[BlackElo "1641"]

1. e4 e5 2. d3 Nf6 3. Be3 Qe7 4. Nc3 Nc6 5. Nb5 d6 6. Nf3 a6 7. Nc3 Be6 8. Qd2
O-O-O 9. Be2 d5 10. Ng5 d4 11. Bxd4 Nxd4 12. Bd1 h6 13. Nf3 Qc5 14. Na4 Nxf3+
15. gxf3 Qd4 16. Nc3 Bc5 17. Rf1 b5 18. b3 b4 19. Na4 Qxa1 20. Nxc5 Qxa2 21.
Qxb4 Rd6 22. Qb7+ Kd8 23. Qb8+ Bc8 24. Nb7+ Kd7 25. Nc5+ Kd8 26. Nb7+ Ke7 27.
Nc5 Qa5+ 28. b4 Qa1 29. Rg1 Qc3+ 30. Kf1 Bh3+ 31. Ke2 Rxb8 32. Na4 Qxb4 33. c3
Qb5 34. c4 Qd7 35. Nc3 Rb2+ 36. Ke1 Rxd3 0-1

[Event "Challenge"]
[Site "http://www.queenalice.com/game.php?id=390552"]
[Date "2008.4.20"]
[Round "-"]
[White "Tlaloc2k"]
[Black "Carla"]
[Result "1-0"]
[WhiteElo "1605"]
[BlackElo "1285"]

1. d4 d5 2. f4 e6 3. Nf3 f6 4. e3 Nh6 5. Nbd2 Nc6 6. a3 Bd6 7. Bd3 Na5 8. O-O
Qe7 9. b4 Nc6 10. Nb3 b6 11. Bb5 Bb7 12. Bb2 O-O 13. Qe2 a6 14. Bd3 b5 15. e4
Bxf4 16. Nc5 Bc8 17. exd5 Nd8 18. Qe4 Bd6 19. Qxh7+ Kf7 20. Bg6# 1-0

[Event "Challenge"]
[Site "http://www.queenalice.com/game.php?id=401853"]
[Date "2008.5.12"]
[Round "-"]
[White "ORNELAS"]
[Black "Carla"]
[Result "0-1"]
[WhiteElo "1626"]
[BlackElo "1296"]

1. d4 e6 2. c3 d5 3. Nf3 f6 4. g3 Nh6 5. Bxh6 gxh6 6. Bg2 Bd6 7. Qd3 Qe7 8. Nbd2
Nc6 9. O-O Bd7 10. a3 O-O-O 11. b4 a6 12. b5 Nb8 13. bxa6 Nxa6 14. Rab1 Bxa3 15.
Nb3 Nb8 16. Na5 b6 17. Nb3 Ba4 18. Nbd2 f5 19. Ne5 Rhf8 20. Nb3 h5 21. Na5 bxa5
22. Nc6 Bxc6 23. Qc2 a4 24. c4 h6 25. c5 Na6 26. Qc3 Bxc5 27. Qa5 Bb7 28. dxc5
Nxc5 29. Qa7 Kd7 30. Qxb7 Nxb7 31. h4 Nc5 32. Rfd1 a3 33. Rd2 Na6 34. e3 Qc5 35.
Bf1 Nb4 36. Rdd1 a2 37. Ra1 Ra8 38. Rdc1 Qd6 39. Bb5+ Ke7 40. Be2 e5 41. Bxh5
Rg8 42. Rc3 f4 43. exf4 exf4 44. Kh2 Qe5 45. Rcc1 Qxh5 46. Rxc7+ Kd6 47. Rac1
fxg3+ 48. fxg3 Qe2+ 49. Kh3 Qg4+ 50. Kg2 Qxg3+ 51. Kf1 Qg1+ 52. Ke2 Rae8+ 53.
Kd2 Qd4# 0-1

[Event "hi! let's play chess! "]
[Site "http://www.queenalice.com/game.php?id=405215"]
[Date "2008.5.19"]
[Round "-"]
[White "Carla"]
[Black "cowgirl"]
[Result "0-1"]
[WhiteElo "1344"]
[BlackElo "1927"]

1. e4 e5 2. d3 Nf6 3. Nc3 Nc6 4. Nh3 d6 5. Be3 Be7 6. Ng5 h6 7. Nf3 O-O 8. Nh4
Nd4 9. Bxd4 exd4 10. Ne2 c5 11. Qd2 Nxe4 12. dxe4 Bxh4 13. g3 Bf6 14. Bg2 Be6
15. b3 d3 16. Nc3 Qa5 17. Qc1 Bxc3+ 18. Kf1 Bxa1 19. Qxa1 dxc2 20. Qc1 Qxa2 21.
Bf3 Qxb3 22. Be2 Bh3+ 23. Ke1 Qc3+ 24. Qd2 c1=Q+ 25. Bd1 Q3xd2# 0-1

[Event "Challenge"]
[Site "http://www.queenalice.com/game.php?id=411490"]
[Date "2008.6.1"]
[Round "-"]
[White "marcosbratz"]
[Black "Carla"]
[Result "1-0"]
[WhiteElo "1710"]
[BlackElo "1383"]

1. e4 e5 2. Nf3 Nc6 3. Bb5 a6 4. Ba4 Bc5 5. O-O Nf6 6. Re1 O-O 7. c3 b5 8. Bb3
Ng4 9. Re2 d6 10. h3 Nh6 11. d4 Bb6 12. Bxh6 gxh6 13. Bd5 Bb7 14. Bxc6 Bxc6 15.
d5 Bd7 16. Qd2 Qf6 17. b4 c5 18. dxc6 Bxc6 19. Qe1 h5 20. Nbd2 a5 21. a3 a4 22.
c4 h4 23. Rc1 bxc4 24. Nxc4 Ba7 25. Rd2 Rad8 26. Ncxe5 dxe5 27. Rxd8 Qxd8 28.
Nxe5 Bb5 29. Kh1 Bd4 30. Nc6 Bxc6 31. Rxc6 Be5 32. f3 Bf4 33. Rc4 Bg3 34. Qf1
Qg5 35. Qb1 Qf4 36. b5 Ra8 37. b6 Rb8 38. b7 Qd6 39. Rc8+ Rxc8 40. bxc8=Q+ Kg7
41. Qg4+ Kf6 42. Qf5+ Kg7 43. Qd5 Qxa3 44. Qg5+ Kf8 45. Qbc1 Qd3 46. Qc8+ Qd8
47. Qcxd8# 1-0

[Event "Challenge"]
[Site "http://www.queenalice.com/game.php?id=411774"]
[Date "2008.6.2"]
[Round "-"]
[White "Carla"]
[Black "Tanatos"]
[Result "1/2-1/2"]
[WhiteElo "1349"]
[BlackElo "1653"]

1. e4 e5 2. d3 d5 3. Nd2 dxe4 4. Nxe4 Be6 5. Ne2 Nf6 6. N2c3 Bb4 7. Bd2 O-O 8.
a3 Bxc3 9. Bxc3 Nxe4 10. dxe4 Qxd1+ 11. Rxd1 Nc6 12. f3 Rad8 13. Bd3 g6 14. Bd2
Nd4 15. O-O a6 16. c3 Nb3 17. Be3 b5 18. Bc2 Rxd1 19. Bxd1 Rd8 20. Bc2 Bc4 21.
Rf2 Na1 22. h3 Nxc2 23. Rxc2 Rd1+ 24. Kh2 Bd3 25. Rd2 Rxd2 26. Bxd2 f5 27. g3
fxe4 28. fxe4 Bxe4 29. b3 c5 30. b4 c4 31. g4 g5 32. Bxg5 Ba8 33. h4 Kf7 34. h5
Bc6 35. Be3 Bf3 36. Kg3 Bd1 37. g5 Bxh5 38. Kh4 Bg6 39. Bc5 e4 40. Kg4 Ke6 41.
Kf4 Bf5 42. Ke3 Ke5 43. Bd4+ Ke6 44. Kf4 Bg6 45. Be3 Kf7 46. Ke5 Ke7 47. Bc5+
Kd7 48. Kd5 Kc7 1/2-1/2

[Event "Challenge"]
[Site "http://www.queenalice.com/game.php?id=415163"]
[Date "2008.6.8"]
[Round "-"]
[White "rafajeff"]
[Black "Carla"]
[Result "1-0"]
[WhiteElo "1635"]
[BlackElo "1373"]

1. d4 d5 2. h3 Nf6 3. g4 Nc6 4. e3 g5 5. Bb5 Bd7 6. Bxc6 Bxc6 7. Qf3 Bh6 8. Nc3
a6 9. Bd2 Qd6 10. Qg3 Qe6 11. Qxc7 Ra7 12. Qb8+ Kd7 13. Qxa7 Qd6 14. Nf3 Rc8 15.
Qb6 Ke8 16. Ne5 Nd7 17. Nxd7 Qxd7 18. O-O-O Bg7 19. f4 gxf4 20. exf4 e6 21. Rde1
Kf8 22. Rhf1 Qd6 23. Be3 Qe7 24. g5 Rb8 25. Bd2 Bd7 26. Nxd5 Qe8 27. Bb4+ Kg8
28. Rg1 Kh8 29. Nc7 Qc8 30. c3 Bc6 31. h4 Qd8 32. h5 Rc8 33. Ba5 Bf3 34. h6 Bf8
35. Bb4 Qxc7 36. Qxc7 Rxc7 37. Bxf8 Kg8 38. Bd6 Rc6 39. Be5 b5 40. Re3 Bd5 41.
a3 a5 42. b4 a4 43. Bf6 Bc4 44. Re5 Bb3 45. Kb2 Bc4 46. f5 exf5 47. Re8# 1-0

[Event "Challenge"]
[Site "http://www.queenalice.com/game.php?id=415164"]
[Date "2008.6.8"]
[Round "-"]
[White "Carla"]
[Black "rafajeff"]
[Result "0-1"]
[WhiteElo "1351"]
[BlackElo "1699"]

1. e4 e5 2. d3 Qf6 3. Be3 Nc6 4. Nc3 Nge7 5. Nf3 h6 6. b3 a6 7. Na4 Ng6 8. g3 b5
9. Nc3 Bb4 10. Bd2 d6 11. Nd5 Qd8 12. Nxb4 Qd7 13. Nd5 Nd4 14. Ba5 h5 15. Nxc7+
Ke7 16. Nxa8 Qc6 17. Nc7 Nxc2+ 18. Ke2 h4 19. g4 Bxg4 20. Rc1 Nd4+ 21. Ke1 Bxf3
22. Nd5+ Qxd5 23. exd5 Bxd1 24. Kxd1 Nf4 25. Rc7+ Kf6 26. Rc3 h3 27. Rc6 Nxc6
28. Bc7 Ke7 29. Rg1 Nd4 30. Rxg7 Nh5 31. Rg5 Nf3 32. Rf5 Nxh2 33. Bxh3 Nf4 34.
d4 Rxh3 35. dxe5 Rd3+ 36. Kc2 dxe5 37. Rxe5+ Kf6 38. d6 Kxe5 39. d7+ Kf5 40.
d8=Q Rxd8 41. Bxd8 Nf3 42. Kc3 Nd5+ 43. Kd3 Nb4+ 44. Ke2 Ke4 45. Be7 Nxa2 46.
Ba3 b4 47. Bb2 f5 48. Ba1 Nc1+ 49. Kd1 Nxb3 50. Bb2 Kd3 51. Be5 a5 52. Bb2 a4
53. Bc1 Nbd4 54. Bb2 Nc2 55. Kc1 Nfe1 56. Kd1 a3 57. Bc1 a2 58. Bb2 f4 59. Kc1
b3 60. f3 Ke2 61. Bc3 Nd3# 0-1

[Event "Challenge"]
[Site "http://www.queenalice.com/game.php?id=417401"]
[Date "2008.6.14"]
[Round "-"]
[White "Carla"]
[Black "Tlaloc2k"]
[Result "0-1"]
[WhiteElo "1380"]
[BlackElo "1613"]

1. d4 d5 2. e3 Bf5 3. Bd3 Bxd3 4. Qxd3 Nf6 5. Qe2 Qd6 6. a3 e6 7. Nf3 Be7 8. h3
O-O 9. Nc3 Nbd7 10. Nb5 Qb6 11. a4 a6 12. Nc3 Bb4 13. O-O Bxc3 14. bxc3 Ne4 15.
Qd3 c5 16. Ne5 Nxe5 17. dxe5 c4 18. Qe2 Qc7 19. f3 Ng3 20. Qe1 Nxf1 21. Qxf1
Qxe5 22. Bd2 f5 23. f4 Qe4 24. Rc1 Rf6 25. Qe2 e5 26. fxe5 Qxe5 27. Qh5 Rc8 28.
Rb1 Rcc6 29. Rxb7 h6 30. Rd7 Rg6 31. Rd8+ Kh7 32. Be1 Qxe3+ 33. Kf1 Qf4+ 34. Bf2
Qc1+ 35. Be1 Qf4+ 36. Kg1 Qc1 37. Qh4 Qe3+ 38. Kh2 Qe5+ 39. Bg3 Qe2 40. Rb8 Qxc2
41. Qd8 Rg5 42. Qh8+ Kg6 43. Rg8 f4 44. Qxg7+ Kh5 45. Qf7+ Rcg6 46. Bxf4 Qxg2#
0-1

[Event "caca"]
[Site "http://www.queenalice.com/game.php?id=417678"]
[Date "2008.6.15"]
[Round "-"]
[White "geraldera"]
[Black "Carla"]
[Result "0-1"]
[WhiteElo "1216"]
[BlackElo "1367"]

1. e4 e5 2. Nf3 Nc6 3. c3 h6 4. d4 exd4 5. cxd4 d6 6. d5 Ne5 7. Nxe5 dxe5 8. Bd3
Nf6 9. O-O Bg4 10. f3 Bd7 11. Nc3 Bc5+ 12. Kh1 O-O 13. Bc4 b5 14. Nxb5 a6 15.
Nc3 Nh5 16. Na4 Bd4 17. f4 Nf6 18. fxe5 Nxe4 19. Qxd4 f5 20. d6+ Kh8 21. Nc3 Qh4
22. Nxe4 fxe4 23. dxc7 Rfc8 24. Qxd7 a5 25. Bd5 Rg8 0-1

[Event "Challenge"]
[Site "http://www.queenalice.com/game.php?id=422597"]
[Date "2008.6.24"]
[Round "-"]
[White "mitchelli"]
[Black "Carla"]
[Result "1-0"]
[WhiteElo "1545"]
[BlackElo "1360"]

1. e4 e5 2. Bc4 Ne7 3. Qf3 f6 4. Nc3 c6 5. Nh3 d6 6. d3 c5 7. Nd5 Nec6 8. c3 Qa5
9. Bd2 Nd7 10. Nhf4 exf4 11. b4 Qa4 12. Nc7+ Kd8 13. Nxa8 Nce5 14. Qxf4 Ng6 15.
Qf5 Nh4 16. Qg4 Ng6 17. Bb3 Qa3 18. Bc1 Qa6 19. Bc2 Nge5 20. Qh4 b6 21. d4 Ng6
22. Qg3 Qb7 23. bxc5 dxc5 24. e5 Qxa8 25. f3 fxe5 26. dxe5 Ndxe5 27. Bg5+ Be7
28. Rd1+ Bd7 29. Qh3 Bxg5 30. Ba4 Nf8 31. Qf5 Bf6 32. f4 g6 33. Qxf6+ 1-0

[Event "Challenge"]
[Site "http://www.queenalice.com/game.php?id=431124"]
[Date "2008.7.10"]
[Round "-"]
[White "Adinirso"]
[Black "Carla"]
[Result "1-0"]
[WhiteElo "1625"]
[BlackElo "1333"]

1. e4 e5 2. Nf3 Nc6 3. a3 Nge7 4. Bc4 Ng6 5. d3 Bc5 6. Nc3 d6 7. h3 O-O 8. Bg5
Qd7 9. O-O a6 10. b4 h6 11. Bc1 Nce7 12. bxc5 dxc5 13. a4 b6 14. Bd5 Ra7 15. Re1
c6 16. Bb3 a5 17. Be3 Qd6 18. Qd2 Bd7 19. Qe2 Raa8 20. Red1 Kh8 21. Na2 f6 22.
Nc3 Be6 23. Bxe6 Qxe6 24. Bd2 Rad8 25. Bc1 Rd6 26. Rb1 Nc8 27. Ba3 Nf4 28. Qe3
Rd7 29. Ne2 Nh5 30. c4 Rb7 31. Nh4 Qf7 32. g4 Nf4 33. Nxf4 exf4 34. Qf3 g5 35.
Nf5 Qg6 36. d4 cxd4 37. Bxf8 Rd7 38. Bxh6 c5 39. Bf8 Qf7 40. Bh6 Qxc4 41. Qb3
Qe2 42. h4 Qxg4+ 43. Kf1 gxh4 44. Qb5 Rd8 45. Rd3 h3 46. Bxf4 Qg2+ 47. Ke2 Qxe4+
48. Kf1 Qxf4 49. Rxh3+ Kg8 50. Qc4+ Rd5 51. Qxd5+ Kf8 52. Rh8# 1-0

[Event "Challenge"]
[Site "http://www.queenalice.com/game.php?id=433592"]
[Date "2008.7.15"]
[Round "-"]
[White "Saintsalles"]
[Black "Carla"]
[Result "1-0"]
[WhiteElo "1667"]
[BlackElo "1361"]

1. e4 e5 2. Nf3 Bc5 3. d3 Nh6 4. Bxh6 gxh6 5. Nxe5 Qe7 6. Qh5 Rf8 7. Nc4 Qf6 8.
Qxc5 b6 9. Qb4 d6 10. h3 Nc6 11. Qd2 Qd4 12. c3 Qc5 13. d4 Qh5 14. Be2 Qh4 15.
Qe3 Rg8 16. g3 Qf6 17. g4 b5 18. Ncd2 Be6 19. Bxb5 Bd7 20. b4 a6 21. Bxc6 Bxc6
22. Nf3 O-O-O 23. Nbd2 Bb5 24. a4 Bc6 25. d5 Bb7 26. Rf1 Rde8 27. Nc4 Re7 28.
Kd2 Ba8 29. Nd4 Qg6 30. f3 f6 31. Nc6 Bxc6 32. dxc6 Kd8 33. Qa7 Ree8 34. Qb8+
Ke7 35. Qxc7+ Kf8 36. Qxd6+ Kg7 37. Qd7+ Kh8 38. Ke3 Rd8 39. Qe6 Rge8 40. Qf5
Qf7 41. Rac1 Qxc4 42. Qxf6+ Kg8 43. Rfd1 Rc8 44. Rd6 Rc7 45. Qxh6 Qa2 46. Qg5+
Rg7 47. Qd5+ Qxd5 48. Rxd5 Ree7 49. c4 h6 50. Rd8+ Kh7 51. Rcd1 Rc7 52. b5 axb5
53. cxb5 Rge7 54. R8d7 Rcxd7 55. cxd7 Rg7 56. d8=Q Kg6 57. Rd6+ Kh7 58. Rd7 Kg6
59. Rxg7+ Kxg7 60. b6 Kg6 61. Qd6+ Kg5 62. Qf4+ Kh4 63. Qxh6+ Kg3 64. b7 Kh2 65.
b8=R Kg3 66. f4 Kg2 67. g5 Kg3 68. f5 Kh2 69. Qh4 Kg2 70. Rb2+ Kf1 71. Qf2# 1-0

[Event "Challenge"]
[Site "http://www.queenalice.com/game.php?id=442381"]
[Date "2008.8.1"]
[Round "-"]
[White "Carla"]
[Black "aureliano"]
[Result "0-1"]
[WhiteElo "1377"]
[BlackElo "1358"]

1. e4 e5 2. d3 Nf6 3. Nf3 c6 4. Nc3 Nh5 5. Nxe5 Nf6 6. Bg5 Qb6 7. h3 Qxb2 8. Bd2
Bb4 9. Rb1 Qa3 10. Rb3 Qa5 11. Nc4 O-O 12. Nxa5 Bxa5 13. Ra3 Bb4 0-1

[Event "Challenge"]
[Site "http://www.queenalice.com/game.php?id=454333"]
[Date "2008.8.27"]
[Round "-"]
[White "crisvolei"]
[Black "Carla"]
[Result "0-1"]
[WhiteElo "1439"]
[BlackElo "1329"]

1. d4 d5 2. Qd3 Nf6 3. Qb5+ c6 4. Qc5 Nbd7 5. Qb4 e6 6. Qc3 Ne4 7. Qf3 f6 8. Bh6
Qe7 9. Qh5+ g6 10. Qh4 Nb6 11. Bxf8 Qxf8 12. Nf3 Bd7 13. Na3 O-O-O 14. O-O-O Qd6
15. c4 c5 16. Nb5 Qb8 17. dxc5 Nxc4 18. a4 a6 19. Nbd4 Bxa4 20. Nxe6 Rdg8 21.
Rxd5 f5 22. Qe7 Bc6 23. Rd8+ Rxd8 24. Nxd8 Rxd8 25. Qe6+ Bd7 26. Qxc4 Nxf2 27.
c6 Bxc6 28. Qe6+ Bd7 29. Qe3 Qc7+ 30. Kb1 Nxh1 31. Ne5 Be6 32. Nd3 Bc4 33. g3
Bb3 34. Qd2 Nf2 35. Bg2 Ne4 36. Qe3 Qc2+ 37. Ka1 Rd5 38. g4 Ra5# 0-1

[Event "Challenge"]
[Site "http://www.queenalice.com/game.php?id=459489"]
[Date "2008.9.6"]
[Round "-"]
[White "Carla"]
[Black "iliov2008"]
[Result "0-1"]
[WhiteElo "1349"]
[BlackElo "1359"]

1. e4 e6 2. d3 Bc5 3. Nf3 Nc6 4. Bd2 Nf6 5. h3 Nd4 6. Ne5 d6 7. Nc4 Qd7 8. Be3
e5 9. f3 d5 10. Nxe5 Qd6 11. Bf4 Bb4+ 12. c3 Ba5 13. Qa4+ Bd7 14. Qxa5 Nc2+ 15.
Kd1 Nxa1 16. Qa4 Bxa4+ 17. Kc1 Nh5 18. g3 Nxf4 19. Kd2 Qxe5 20. Na3 dxe4 21.
fxe4 Nh5 22. g4 Ng3 23. Rg1 Nxf1+ 24. Rxf1 Qh2+ 25. Kc1 Qxh3 26. Rg1 Qxd3 27. e5
Qe3+ 28. Kb1 Qxg1# 0-1

[Event "Challenge"]
[Site "http://www.queenalice.com/game.php?id=501321"]
[Date "2008.12.2"]
[Round "-"]
[White "aureliano"]
[Black "Carla"]
[Result "1-0"]
[WhiteElo "1454"]
[BlackElo "1342"]

1. e4 e5 2. Qe2 Nf6 3. a4 a5 4. Nc3 c6 5. Nh3 h6 6. d3 Bb4 7. Qe3 Na6 8. Be2 Bc5
9. Qg3 Bf8 10. Be3 d6 11. O-O Nb4 12. Rac1 Be7 13. Qxg7 Rh7 14. Qg3 Be6 15. b3
c5 16. Nb5 Na2 17. Ra1 Nb4 18. Rac1 1-0

[Event "Challenge"]
[Site "http://www.queenalice.com/game.php?id=501322"]
[Date "2008.12.2"]
[Round "-"]
[White "Carla"]
[Black "aureliano"]
[Result "0-1"]
[WhiteElo "1355"]
[BlackElo "1441"]

1. e4 e5 2. Nf3 Nf6 3. d3 c6 4. Nc3 Na6 5. Nxe5 d6 6. Nf3 d5 7. Be3 Be7 8. d4
O-O 9. a3 Nd7 10. Be2 b5 11. O-O Bd6 12. g3 Nf6 13. Nh4 Nc7 14. Bf3 Ne6 15. exd5
Nc7 16. dxc6 Qe7 17. Bg5 h6 0-1